Nghiên cứu sự phân bố và vai trò tác dụng của một số chủng nấm men, vi khuẩn tại thôn (2 - 8) - rừng gạp mặn cửa đại - Hội An - Quảng Nam
Rừng ngập mặn Cửa Đại - Thành phố Hội An - QN thì việc nghiên cứu về nấm men, vi khuẩn cũng như các vi sinh vật khác là một hướng mới mẻ và chưa được ai đề cập.
Đã lưu trong:
| Príomhúdar: | |
|---|---|
| Údair Eile: | |
| Formáid: | Leabhar |
| Teanga: | Vietnamese |
| Foilsithe: |
Đà Nẵng
Trường Đại học Sư phạm
6/2011
|
| Sraith: | Khóa luận tốt nghiệp ĐH. Chuyên ngành: Cử nhân Sinh Môi Trường
|
| Ábhair: | |
| Clibeanna: |
Cuir Clib Leis
Gan Chlibeanna, Bí ar an gcéad duine leis an taifead seo a chlibeáil!
|
| Thư viện lưu trữ: | Mạng thư viện Đại học Đà Nẵng |
|---|
| LEADER | 01641nam a2200337 4500 | ||
|---|---|---|---|
| 001 | 000011416 | ||
| 003 | 7663 | ||
| 005 | 20120204090245.0 | ||
| 008 | 120204s6/20 viesd | ||
| 041 | |a vie | ||
| 072 | |a Khóa luận tốt nghiệp | ||
| 082 | |a 579.52 |b TH-H | ||
| 100 | |a Thái,Vạn Hạnh | ||
| 245 | |a Nghiên cứu sự phân bố và vai trò tác dụng của một số chủng nấm men, vi khuẩn tại thôn (2 - 8) - rừng gạp mặn cửa đại - Hội An - Quảng Nam |c Thái,Vạn Hạnh; Người hướng dẫn Đỗ,Thu Hà | ||
| 260 | |a Đà Nẵng |b Trường Đại học Sư phạm |c 6/2011 | ||
| 300 | |a 59tr, ảnh, biểu đồ |c 29 cm. | ||
| 490 | |a Khóa luận tốt nghiệp ĐH. Chuyên ngành: Cử nhân Sinh Môi Trường | ||
| 500 | |a Tham khảo tr.57 - tr.59, phụ lục | ||
| 520 | |a Rừng ngập mặn Cửa Đại - Thành phố Hội An - QN thì việc nghiên cứu về nấm men, vi khuẩn cũng như các vi sinh vật khác là một hướng mới mẻ và chưa được ai đề cập. | ||
| 653 | |a Khóa luận tốt nghiệp Đại học | ||
| 700 | |a Đỗ,Thu Hà |c T.S |e Hướng dẫn | ||
| OWN | |a LSP | ||
| AVA | |a UDN50 |b LSP |d 579.52 TH-H |e available |t Error 5001 Not defined in file expand_doc_bib_avail. |f 1 |g 0 |h N |i 0 |k 1 | ||
| 999 | |a From the UDN01 | ||
| AVA | |a UDN50 |b LSP |d 579.52 TH-H |e available |t Error 5001 Not defined in file expand_doc_bib_avail. |f 1 |g 0 |h N |i 0 |k 1 | ||
| TYP | |a Monograph | ||
| TYP | |a Printed language | ||
| 980 | |a Mạng thư viện Đại học Đà Nẵng | ||